000 01049nam0a2200337 i 4500
001 RU\NLR\BIBL_A\010968061
005 20240921173739.0
010 _a9785170948017
_94000
021 _aRU
_b2016-1817
_9111
035 _a(NILC)RuMoRGB-008118613
035 _a(NLR Aleph) 010968061
090 _a10807302
_c10807302
100 _a20160202d2016 km y0rusy50 ca
101 1 _arus
_ceng
102 _aRU
105 _ay|||z|||000ay
200 1 _aМой граф
_eроман
_fКиран Крамер
_g[перевод с англ. М. А. Комцян]
210 _aМосква
_cАСТ
_d2016
215 _a318, [1] с.
_d17
225 1 _aОчарование
225 1 _aМини шарм
333 _a16+
675 _a821.111(73)
686 1 _aШ6(7США)67-440.4{Лх1979-50}
700 1 _7ca
_8rus
_aКрамер
_bК.
_gКиран
_9268110
_3RU\NLR\AUTH\770268166
801 0 _aRU
_bРГБ
_c20160119
_gRCR
801 1 _aRU
_bРГБ
_c20160119
_2rusmarc
942 _cBOOK
980 _aNBR